"Catching up" : the limits of rapid economic development (Record no. 85624)

MARC details
000 -LEADER
fixed length control field 00847 a2200253 4500
003 - CONTROL NUMBER IDENTIFIER
control field CBULib
005 - DATE AND TIME OF LATEST TRANSACTION
control field 20241023124143.0
008 - FIXED-LENGTH DATA ELEMENTS--GENERAL INFORMATION
fixed length control field 241022b |||||||| |||| 00| 0 eng d
020 ## - INTERNATIONAL STANDARD BOOK NUMBER
International Standard Book Number 9780765801081
040 ## - CATALOGING SOURCE
Language of cataloging English
Transcribing agency CBULib
Description conventions rda
050 ## - LIBRARY OF CONGRESS CALL NUMBER
Classification number HD75 VLA
100 ## - MAIN ENTRY--PERSONAL NAME
Personal name Inozemtsev, Vladislav L.
245 ## - TITLE STATEMENT
Title "Catching up" : the limits of rapid economic development
Statement of responsibility, etc / by Inozemtsev Vladislav
260 ## - PUBLICATION, DISTRIBUTION, ETC. (IMPRINT)
Name of publisher, distributor, etc Transaction Publishers,
Date of publication, distribution, etc 2002
Place of publication, distribution, etc New Brunswick :
300 ## - PHYSICAL DESCRIPTION
Extent xii, 189 pages
336 ## - CONTENT TYPE
Source rdacontent
Content type term Text |
Content type code txt
337 ## - MEDIA TYPE
Source rdamedia
Media type term Unmediated |
Media type code n
338 ## - CARRIER TYPE
Source rdacarrier
Carrier type term Volume
Carrier type code nc
500 ## - GENERAL NOTE
General note Includes bibliographical references and index.
650 #0 - SUBJECT ADDED ENTRY--TOPICAL TERM
9 (RLIN) 1555
Topical term or geographic name as entry element ECONOMIC DEVELOPMENT
650 #0 - SUBJECT ADDED ENTRY--TOPICAL TERM
9 (RLIN) 3803
Topical term or geographic name as entry element ECONOMIC DEVELOPMENT - CASE STUDIES
650 #0 - SUBJECT ADDED ENTRY--TOPICAL TERM
9 (RLIN) 3804
Topical term or geographic name as entry element ECONOMIC POLICY - CASE STUDIES
942 ## - ADDED ENTRY ELEMENTS (KOHA)
Source of classification or shelving scheme
Koha item type MONOGRAPH
Holdings
Withdrawn status Lost status Source of classification or shelving scheme Damaged status Not for loan Collection code Permanent Location Current Location Shelving location Date acquired Source of acquisition Full call number Barcode Date last seen Price effective from Koha item type
          CBU-Lusaka Campus CBU- LUSAKA CAMPUS CBU- LUSAKA CAMPUS General Stacks 10/22/2024 BOOK AID iNTERNATIONAL HD75 VLA 752935 10/22/2024 10/22/2024 MONOGRAPH